Freeedom of entry and the existence of pure profit (Registro nro. 26480)
[ vista simple ]
| 000 -LEADER | |
|---|---|
| fixed length control field | 00373 a2200121 4500 |
| 001 - CONTROL NUMBER | |
| control field | ART_12585 |
| 005 - DATE AND TIME OF LATEST TRANSACTION | |
| control field | 20260410161907.0 |
| 008 - FIXED-LENGTH DATA ELEMENTS--GENERAL INFORMATION | |
| fixed length control field | 260409a |
| 100 1# - MAIN ENTRY--PERSONAL NAME | |
| Personal name | Lipsey, Richard G. |
| 245 10 - TITLE STATEMENT | |
| Title | Freeedom of entry and the existence of pure profit |
| 700 1# - ADDED ENTRY--PERSONAL NAME | |
| Personal name | Eaton, B. Curtis |
| 773 0# - HOST ITEM ENTRY | |
| Title | The Economic Journal |
| Related parts | - Vol. 88, Nº 351 (set. 1978) |
| Record control number | REV12512 |
No hay ítems disponibles.